| 000 | 00490nam a2200181 a 4500 | ||
|---|---|---|---|
| 005 | 20240611063647.0 | ||
| 008 | 991125s1985 mx 000 0 spa u | ||
| 020 | _a9682605415 | ||
| 035 | _aUPN01000001588 | ||
| 049 | _aCG | ||
| 050 | 4 |
_aQ155 _bL4.38 |
|
| 100 | 1 | _aLeithold, Louis | |
| 245 | 1 | 0 |
_aAlgebra superior / _cLouis Leithold ; tr. Miguel Lara Aparicio. |
| 260 |
_aMéxico : _bCECSA, _c1985. |
||
| 300 | _a510 p. | ||
| 650 | 4 |
_aÁlgebra _xEstudio y enseñanza _92073 |
|
| 905 | _aLibro | ||
| 999 |
_c1588 _d1588 |
||